| 000 | 01866cam a2200325 4500 | ||
|---|---|---|---|
| 001 | ##L135068 | ||
| 002 | ##10061 | ||
| 008 | 060921n2006 000 0 eng u | ||
| 020 |
_a0199281246 _a97801909281244 |
||
| 035 | _a(Sirsi) u135068 | ||
| 041 | 0 | _aeng | |
| 050 | 0 | 4 | _a692.8 $2 18 |
| 100 | 1 | _aWilmot-Smith, Richard | |
| 245 | 0 | 0 |
_aConstruction contracts _blaw and practice |
| 260 |
_aOxford _bOxford University Press _c2006 |
||
| 300 |
_alxxxvi, 704p _c26cm |
||
| 350 | _a155.00 | ||
| 505 | 2 | _aPart I The contract: Contracts: formation and interpretation -- Standard forms of contract and bespoke contracts -- Quantum meruit -- Assignment and sub-letting and the Contracts (Rights of Third Parties) Act 1999 | |
| 505 | 2 | _aPart II liability: The roles of professionals -- Tort and construction law -- Exemption and limitation of liability clauses -- Mistake, misrepresentation and frustration -- Guarantee and indemnity | |
| 505 | 2 | _aPart III performance: Certificates and the right to payment -- Time for completion | |
| 505 | 2 | _aPart IV breach, termination, and damages: Damage for breach of contract -- Determination or forfeiture clauses | |
| 505 | 2 | _aPart V claims: Loss and expense -- Limitation of action -- Injunctions and specific performance -- Bankruptcy and insolvency | |
| 505 | 2 | _aPart VI disputes: Adjudication -- Mediation and alternative dispute resolution -- arbitration -- Litigation | |
| 505 | 2 | _aPart VII procurement and competition in the European Community: Procurement and the European Community | |
| 520 | _aDeals with the substantive law and modern dispute resolution procedures in the field of construction. The law is stated as 3 October 2005. | ||
| 590 | _aIKA171006 | ||
| 651 | 4 |
_aEngland and Wales _y1543- |
|
| 690 | _aBUILT ENVIRONMENT-CONSTRUCTION MANAGEMENT-BUILDING CONTRACT ADMINISTRATION | ||
| 942 | _n0 | ||
| 999 |
_c105901 _d105901 |
||